Statistiques concernant Tous les personnages Marvel en A

Cliquez ici pour prendre le quiz!

Statistiques générales

  • Ce quiz a été pris 12 fois
  • Le résultat moyen est 4 sur 46

Statistiques - réponses

RéférenceRéponse% Correct
HulkAbomination
70%
The EternalsAjak
40%
X-MenApocalypse
30%
X-MenArchangel
20%
ThorAres
20%
Captain AméricaAbsorbing Man
10%
X-ManAdversary
10%
HulkAgamemnon
10%
DeadpoolAgent X
10%
X-MenAgent Zéro
10%
Fantastic FourAhab
10%
Spider-ManAnti-Venom
10%
AvengersAnt-Man 2
10%
Hulk et ShieldAnt-Man 3
10%
Amazing FantasyAnya
10%
West Coast AvengersArachne
10%
HulkArmageddon
10%
Fantastic FourAttuma
10%
X-MenAurora
10%
Fantastic FourAwesome Android
10%
Adam WarlockAyesha
10%
X-MenAzazel
10%
Iron FistEl Aguila
10%
Fantastic FourAir-Walker
0%
Ulysse KlawAmerican Eagle
0%
Doctor StrangeAncien One
0%
DefendersAndromeda
0%
DardevilAngar
0%
New MutantsAni-Mator
0%
Fantastic FourAnnihilus
0%
Doctor StrangeApalla
0%
SkrullsAquarian
0%
HulkArabian Knight
0%
X-MenArcade
0%
DefendersArcanna
0%
AvengersAries
0%
AvengersArkon
0%
Captain AmericaArmadillo
0%
AvengersArmory
0%
Captain MarvelAron
0%
HulkAtalanta
0%
ThunderboltsAtlas
0%
X-MenAvalanche
0%
NextwaveDirk Anger
0%
HulkJohn Armbruster
0%
HulkMarlene Alraune
0%

Distribution des résultats

Percentile par nombre de réponses

% des personnes avec chaque résultat

Votre développement - résultats

Vous n’avez pas pris ce quiz